| 000 | 00497nam a2200169Ia 4500 | ||
|---|---|---|---|
| 008 | 210719s2000 xx 000 0 und d | ||
| 041 | _aeng | ||
| 082 | _a709.5487 MARG | ||
| 100 | _aMARG | ||
| 245 | _aMARG: a magazine of the arts. V 32. No. 1 | ||
| 260 |
_aBombay _bMarg publications., _c2000 |
||
| 300 |
_a83 _bHB |
||
| 365 |
_b90 _cRs |
||
| 440 | _v32 | ||
| 650 | _aThe Arts | ||
| 906 | _a1 ; 32. ; a ; Aihole Badami, Mahakuta, Pttadakal Marg ; arts. ; magazine ; MARG: ; No. ; of ; the ; V | ||
| 999 |
_c212518 _d212518 |
||